Auckland Regional Parks on a Map - Statistics

General Stats
  • This quiz has been taken 78 times
    71 since last reset
  • The average score is 10 of 27
Answers on the Map
Answers color-coded by a green-red scale on the quiz's map according to % correct below.
 
Answer Stats
Answer % Correct
Waitākere Ranges Regional Park
84%
Shakespear Regional Park
71%
Long Bay Regional Park
68%
Hunua Ranges Regional Park
63%
Duder Regional Park
57%
Muriwai Regional Park
54%
Wenderholm Regional Park
52%
Motukorea Browns Island Regional Park
48%
Tāwharanui Regional Park
48%
Āwhitu Regional Park
45%
Ambury Regional Park
41%
Mutukaroa / Hamlins Hill Regional Park
39%
Mahurangi Regional Park
38%
Auckland Botanic Gardens
34%
Pākiri Regional Park
27%
Scandrett Regional Park
27%
Ōmana Regional Park
25%
Te Ārai Regional Park
23%
Tapapakanga Regional Park
21%
Waitawa Regional Park
16%
Ātiu Creek Regional Park
14%
Waharau Regional Park
14%
Te Rau Pūriri Regional Park
13%
Whakanewha Regional Park
13%
Glenfern Sanctuary Regional Park
7%
Whakatīwai Regional Park
7%
Tawhitokino Regional Park
5%
No matching quizzes found
Score Distribution
Percent of People with Each Score
Percentile by Number Answered
Your Score History
You have not taken this quiz since the last reset